[Event "Zadar2019"]
[Site "Zadar"]
[Date "2019.12.21"]
[Round "8.1"]
[White "Veleski, Robert"]
[Black "Duhayon, Yves"]
[Result "1/2-1/2"]
[WhiteElo "2153"]
[BlackElo "2119"]
[PlyCount "58"]
[EventDate "2019.12.15"]

1. d4 d5 2. Bf4 Nf6 3. e3 c5 4. c3 Qb6 5. Na3 c4 6. Qc2 Nc6 7. Nf3 Bf5 8. Qc1
e6 9. Nb1 Be7 10. h3 h6 11. Nbd2 O-O 12. Be2 Rfc8 13. O-O Qd8 14. Ne5 b5 15.
Re1 b4 16. Bf3 Nxe5 17. Bxe5 Bd3 18. Bxf6 Bxf6 19. cxb4 Be7 20. Qc3 Rcb8 21. a3
a5 22. bxa5 Qxa5 23. b4 Qb5 24. Be2 Bxe2 25. Rxe2 Bxb4 26. axb4 Rxa1+ 27. Qxa1
c3 28. Qd1 cxd2 29. Qxd2 Qxb4 1/2-1/2

[Event "Zadar2019"]
[Site "Zadar"]
[Date "2019.12.21"]
[Round "8.2"]
[White "Parnali, S Dharia"]
[Black "Medancic, Rikard"]
[Result "1/2-1/2"]
[WhiteElo "2102"]
[BlackElo "2166"]
[PlyCount "41"]
[EventDate "2019.12.15"]

1. d4 b5 2. a4 b4 3. e4 Bb7 4. Bd3 g6 5. a5 a6 6. Nf3 d6 7. Be3 Nd7 8. Nbd2 Bg7
9. c3 bxc3 10. bxc3 Ngf6 11. O-O O-O 12. Qa4 e6 13. Rab1 Qc8 14. Bf4 Re8 15.
Be3 c5 16. Nc4 Bc6 17. Qc2 Qc7 18. Nb6 Rab8 19. dxc5 dxc5 20. Nc4 Bb5 21. Qa2
1/2-1/2

[Event "Zadar2019"]
[Site "Zadar"]
[Date "2019.12.22"]
[Round "9.1"]
[White "Doric, Nenad"]
[Black "Veleski, Robert"]
[Result "1-0"]
[WhiteElo "2252"]
[BlackElo "2153"]
[PlyCount "113"]
[EventDate "2019.12.15"]

1. d4 d5 2. c4 e6 3. Nc3 Nf6 4. Bg5 Be7 5. e3 O-O 6. Nf3 Nbd7 7. Rc1 dxc4 8.
Bxc4 c5 9. O-O cxd4 10. Nxd4 Nb6 11. Be2 Nfd5 12. Bxe7 Qxe7 13. Nxd5 Nxd5 14.
Bf3 Rd8 15. Qb3 Nf6 16. Nb5 Ne8 17. Rfd1 Rxd1+ 18. Rxd1 a6 19. Nc3 Qc7 20. Qa4
Kf8 21. Qb4+ Qe7 22. Qb6 Qc7 23. Na4 Rb8 24. h3 Qxb6 25. Nxb6 Ke7 26. Nxc8+
Rxc8 27. Bxb7 Rc2 28. Bxa6 Rxb2 29. Ra1 Nd6 30. a4 Kd7 31. a5 Kc7 32. Bd3 Kb8
33. Kf1 Ka7 34. Rc1 Rb7 35. Rc6 Rd7 36. Ke2 g6 37. h4 h5 38. f3 Nb7 39. g4 hxg4
40. fxg4 Kb8 41. a6 Nd8 42. Rc1 f5 43. gxf5 gxf5 44. Bb5 Rh7 45. Rd1 Kc8 46.
Bd7+ Kb8 47. Be8 Kc8 48. h5 Ra7 49. h6 Rh7 50. Rh1 Kc7 51. Kf3 Kb6 52. Kf4 Kxa6
53. Kg5 Rh8 54. Bg6 Nc6 55. Kf6 Kb6 56. h7 Kc7 57. Kg7 1-0

[Event "Zadar2019"]
[Site "Zadar"]
[Date "2019.12.22"]
[Round "9.2"]
[White "Saric, Luka"]
[Black "Berke, Ana"]
[Result "1/2-1/2"]
[WhiteElo "2140"]
[BlackElo "2113"]
[PlyCount "46"]
[EventDate "2019.12.15"]

1. Nf3 c5 2. c4 Nc6 3. d4 cxd4 4. Nxd4 d6 5. e4 Nf6 6. Nc3 g6 7. f3 Nxd4 8.
Qxd4 Bg7 9. Be3 O-O 10. Qd2 Be6 11. Rc1 a6 12. Be2 Qa5 13. b3 Rfc8 14. Na4
Qxd2+ 15. Kxd2 Nd7 16. g4 f5 17. exf5 gxf5 18. h3 Rab8 19. Nc3 Rf8 20. f4 Nf6
21. g5 Ne4+ 22. Nxe4 fxe4 23. Bg4 Bf5 1/2-1/2

[Event "Zadar2019"]
[Site "Zadar"]
[Date "2019.12.22"]
[Round "9.3"]
[White "Ciganovic, Nikola"]
[Black "Parnali, S Dharia"]
[Result "1/2-1/2"]
[WhiteElo "2238"]
[BlackElo "2102"]
[PlyCount "100"]
[EventDate "2019.12.15"]

1. e4 e5 2. Nf3 Nc6 3. d4 exd4 4. Nxd4 Bc5 5. Nb3 Bb6 6. Nc3 Nf6 7. Qe2 O-O 8.
Bg5 h6 9. Bh4 a5 10. a4 Nd4 11. Qd3 Nxb3 12. cxb3 c6 13. O-O-O Re8 14. f4 d5
15. e5 g5 16. fxg5 Ng4 17. g6 Qxh4 18. gxf7+ Kxf7 19. Qh7+ Kf8 20. Qh8+ Kf7 21.
Qh7+ Ke6 22. Qg6+ Nf6 23. exf6 Qg5+ 24. Qxg5 hxg5 25. Re1+ Kf7 26. Rxe8 Kxe8
27. Bd3 Kf7 28. h4 Be3+ 29. Kc2 g4 30. Rf1 Bd4 31. Ne2 Bxf6 32. Nf4 Bxh4 33.
Nxd5+ Kg7 34. Nb6 Rb8 35. Rh1 Bf2 36. Rh7+ Kf6 37. Nxc8 Rxc8 38. Rxb7 g3 39. b4
axb4 40. Rxb4 c5 41. Re4 Ra8 42. Bb5 Kf5 43. Re7 Kf6 44. Re2 Ra7 45. Kd3 Re7
46. a5 Rxe2 47. Kxe2 Ke5 48. a6 c4 49. Kf3 Kd6 50. Bxc4 Kc7 1/2-1/2